Rheinlandpokal Sieger - Statistiken

Allgemein
  • Dieses Quiz wurde 10 mal gespielt
  • Das Durchschnittsergebnis liegt bei 57 aus 72
Antwortstatistiken
Jahr Sieger 2. Platz Ergebnis Finalort % Korrekt
1982 Eintracht Trier VfB Wissen 3:0 n.E. Wissen
100%
1984 Eintracht Trier FSV Salmrohr 2:1 Hermeskeil
100%
1985 Eintracht Trier Eisbachtaler Sportfreunde 3:0 Mayen
100%
1990 Eintracht Trier Sportfreunde Daaden 4:1 Emmelshausen
100%
1997 Eintracht Trier FV Rheinbrohl 2:1 Emmelshausen
100%
2001 Eintracht Trier TuS Koblenz 6:4 n.E. Salmrohr
100%
2007 Eintracht Trier TuS Oberwinter 2:1 n.V. Kruft
100%
2008 Eintracht Trier TuS Koblenz II 2:0 n.V. Salmrohr
100%
2009 Eintracht Trier SV Roßbach/Verscheid 2:0 n.V. Polch
100%
2010 Eintracht Trier SpVgg Burgbrohl 2:1 Emmelshausen
100%
2011 Eintracht Trier TuS Koblenz 2:0 Trier
100%
2013 Eintracht Trier FSV Salmrohr 4:0 Salmrohr
100%
2014 Eintracht Trier SG Altenkirchen/Neitersen 3:0 Trier
100%
2016 Eintracht Trier SG HWW Niederroßbach 5:1 Wissen
100%
2026 Eintracht Trier TuS Koblenz 1:0 Trier
100%
1989 FSV Salmrohr VfL Hamm/Sieg 2:1 n.V. Neuwied
100%
1992 FSV Salmrohr Eintracht Trier 2:1 Leiwen
100%
1993 FSV Salmrohr Eisbachtaler Sportfreunde 3:1 Polch
100%
1994 FSV Salmrohr SV Wittlich 4:1 n.E. Klausen
100%
1995 FSV Salmrohr Eintracht Trier 3:0 Bitburg
100%
1996 FSV Salmrohr Eintracht Trier 1:0 Leiwen
100%
2002 FSV Salmrohr TuS Koblenz 2:1 Darscheid
100%
2015 FSV Salmrohr SpVgg Burgbrohl 5:3 n.E. Polch
100%
2019 FSV Salmrohr TuS Koblenz 4:3 n.E. Bad Neuenahr/Ahrweiler
100%
1978 TuS Koblenz SpVgg EGC Wirges 1:0 Neuwied
100%
1979 TuS Koblenz Eisbachtaler Sportfreunde 4:1 Neuwied
100%
2005 TuS Koblenz SG Roßbach/Verscheid 2:0 Wirges
100%
2006 TuS Koblenz SG Roßbach/Verscheid 2:0 Nassau
100%
2017 TuS Koblenz Eintracht Trier 2:1 Salmrohr
100%
2024 TuS Koblenz SG Schneifel 2006 2:0 Koblenz
100%
2020 FV Engers 07 FC Karbach 5:0 Koblenz
86%
2022 FV Engers 07 FC Karbach 1:0 Koblenz
86%
2025 FV Engers 07 Rot-Weiß Koblenz 2:0 Koblenz
86%
2018 Rot-Weiß Koblenz TuS Koblenz 1:0 Koblenz
86%
2021 Rot-Weiß Koblenz FV Morbach 3:0 Koblenz
86%
2023 Rot-Weiß Koblenz TuS Immendorf 1:0 Koblenz
86%
1991 SpVgg EGC Wirges Eintracht Trier 2:0 Plaidt
86%
2003 SpVgg EGC Wirges Eintracht Trier II 5:2 Darscheid
86%
1967 SSV Mülheim FV Engers 07 7:0 Neuwied
86%
1981 SV Leiwen VfL Hamm/Sieg 2:1 Andernach
86%
2012 SV Roßbach/Verscheid TuS Mayen 2:0 Emmelshausen
86%
1966 TuS Mayen Sportfreunde Herdorf 1:0 Montabaur
86%
1974 TuS Mayen Eintracht Trier 1:0 Bitburg
86%
1976 TuS Mayen SpVgg Andernach 3:0 Neuwied
86%
2004 TuS Mayen SG 06 Betzdorf 3:0 n.E. Mülheim-Kärlich
86%
1959 VfB Wissen SC Rhein/Ahr Sinzig 2:1 Neuwied
86%
1961 VfB Wissen SV Ehrang 8:0 Neuwied
86%
1980 Eisbachtaler Sportfreunde TSV Lehmen/Kattenes 4:1 Metternich
71%
1998 Eisbachtaler Sportfreunde SV Prüm 2:0 Polch
71%
1962 SC Rhein/Ahr Sinzig FV Rheingold Rübenach 4:1 Andernach
71%
1970 SC Rhein/Ahr Sinzig FV Engers 07 5:1 Bad Neuenahr-Ahrweiler
71%
1958 Sportfreunde Herdorf SV Adler Niederfischbach 3:1 Betzdorf
71%
1960 Sportfreunde Herdorf SC Rhein/Ahr Sinzig 3:1 Wissen
71%
1964 SpVgg Andernach TuS Mayen 3:2 n.V Neuwied
71%
1973 SpVgg Andernach VfB Wissen 2:0 Bendorf
71%
1986 VfL Hamm/Sieg FSV Salmrohr 2:0 Mayen
71%
1987 VfL Hamm/Sieg SV Leiwen 2:1 Mayen
71%
1999 VfL Hamm/Sieg Eintracht Trier 2:0 Mayen
71%
2000 VfL Hamm/Sieg SpVgg EGC Wirges 3:0 Hachenburh
71%
1988 FC Bitburg FSV Salmrohr 6:5 n.V. Trier
57%
1963 FC 1911 Horchheim SV Hildburg Elkenroth 1:0 Marienberg
29%
1957 FC Germania Metternich TuS Mayen 4:4 Simmern
29%
1968 FC Germania Metternich SC Rhein/Ahr Sinzig 2:1 Mülheim
29%
1955 Fortuna Kottenheim TuS Montabaur 1:0 Andernach
29%
1956 SC 07 Bad Neuenahr SV Niederlahnstein 6:4 n.V. Andernach
29%
1969 SC 07 Bad Neuenahr FC Alemannia Plaidt 3:0 Sinzig
29%
1971 SC Oberlahnstein VfB Wissen 3:2 Metternich
29%
1977 SG Ellingen-Bonefeld Eisbachtaler Sportfreunde 2:1 Bendorf
29%
1983 SG Ellingen-Bonefeld FSV Salmrohr 7:6 n. E. Bendorf
29%
1954 SpVgg Eintracht Höhr-Grenzhausen SV Niederlahnstein 2:0 Bad Ems
29%
1972 VfB Lützel SSV Mülheim 1:0 Metternich
29%
1965 VfL Trier SV Hildburg Elkenroth 1:0 Marienberg
29%
Keine übereinstimmenden Quizze gefunden
Verteilung der Resultate
Anzahl Personen mit jedem Resultat
Perzentil nach korrekt beantworteten Fragen
Ihre Resultats-Entwicklung
Sie haben dieses Quiz noch nicht gespielt